Death before bedtime / (Запис № 487143)

МАРК-запис
000 -LEADER
fixed length control field 01352cam a2200337 i 4500
001 - CONTROL NUMBER
control field deathbeforebedti00boxe
003 - CONTROL NUMBER IDENTIFIER
control field CaSfIA
005 - DATE AND TIME OF LATEST TRANSACTION
control field 20210118001321.0
007 - PHYSICAL DESCRIPTION FIXED FIELD--GENERAL INFORMATION
fixed length control field cr||||
008 - FIXED-LENGTH DATA ELEMENTS--GENERAL INFORMATION
fixed length control field 790307t19791953nyu 000 1 eng
010 ## - LIBRARY OF CONGRESS CONTROL NUMBER
LC control number 79010248
040 ## - CATALOGING SOURCE
Original cataloging agency DLC
Transcribing agency DLC
Modifying agency OCL
-- BAKER
-- BTCTA
-- OCLCG
-- CaSfIA
020 ## - INTERNATIONAL STANDARD BOOK NUMBER
International Standard Book Number 039474053X
020 ## - INTERNATIONAL STANDARD BOOK NUMBER
International Standard Book Number 9780394740539
035 ## - SYSTEM CONTROL NUMBER
System control number (OCoLC)4775362
050 10 - LIBRARY OF CONGRESS CALL NUMBER
Classification number PS3543.I26
Item number D36 1979
082 00 - DEWEY DECIMAL CLASSIFICATION NUMBER
Classification number 813/.5/4
029 1# - (OCLC)
OCLC library identifier NLGGC
System control number 852056044
029 1# - (OCLC)
OCLC library identifier NZ1
System control number 3261191
029 1# - (OCLC)
OCLC library identifier UNITY
System control number 006615244
100 1# - MAIN ENTRY--PERSONAL NAME
Personal name Box, Edgar,
Dates associated with a name 1925-
245 10 - TITLE STATEMENT
Title Death before bedtime /
Medium [electronic resource]
Statement of responsibility, etc Edgar Box.
260 ## - PUBLICATION, DISTRIBUTION, ETC. (IMPRINT)
Place of publication, distribution, etc New York :
Name of publisher, distributor, etc Vintage Books,
Date of publication, distribution, etc 1979, c1953.
300 ## - PHYSICAL DESCRIPTION
Extent 169 p. ;
Dimensions 18 cm.
506 ## - RESTRICTIONS ON ACCESS NOTE
Standardized terminology for access restriction Необхідна авторизація на https://archive.org/ (створення облікового запису безкоштовно)
506 ## - RESTRICTIONS ON ACCESS NOTE
Standardized terminology for access restriction Необхідна авторизація на https://openlibrary.org/ (створення облікового запису безкоштовно)
655 #7 - INDEX TERM--GENRE/FORM
Genre/form data or focus term Mystery fiction.
Source of term gsafd
856 41 - ELECTRONIC LOCATION AND ACCESS
Uniform Resource Identifier <a href="http://www.archive.org/details/deathbeforebedti00boxe">http://www.archive.org/details/deathbeforebedti00boxe</a>
Public note Free eBook from the Internet Archive
856 42 - ELECTRONIC LOCATION AND ACCESS
Uniform Resource Identifier <a href="http://www.openlibrary.org/books/OL4407080M">http://www.openlibrary.org/books/OL4407080M</a>
Public note Additional information and access via Open Library
942 ## - ADDED ENTRY ELEMENTS (KOHA)
Koha item type ЕКнига

Немає доступних примірників.